


| 000 -LEADER | |
|---|---|
| fixed length control field | 00686nam a22001937a 4500 |
| 001 - CONTROL NUMBER | |
| control field | TVUNI |
| 005 - DATE AND TIME OF LATEST TRANSACTION | |
| control field | 20260126014717.0 |
| 008 - FIXED-LENGTH DATA ELEMENTS--GENERAL INFORMATION | |
| fixed length control field | 221111s2019 vm vie d |
| 040 ## - CATALOGING SOURCE | |
| Original cataloging agency | TVUNI |
| Description conventions | AACR2 |
| 041 0# - LANGUAGE CODE | |
| Language code of text/sound track or separate title | vie |
| 100 1# - MAIN ENTRY--PERSONAL NAME | |
| Personal name | Nguyễn, văn Tuyên |
| 245 10 - TITLE STATEMENT | |
| Nhan đề | Quản lý nhà nước về xây dựng đời sống văn hóa tại Huyện Tam Nông : |
| Remainder of title | Luận văn Thạc Sĩ quản lý kinh tế / |
| Statement of responsibility, etc. | Nguyễn văn Tuyên |
| 260 ## - PUBLICATION, DISTRIBUTION, ETC. | |
| Place of publication, distribution, etc. | Vĩnh Phúc : |
| Name of publisher, distributor, etc. | Trường ĐH Trưng Vương, |
| Date of publication, distribution, etc. | 2019 |
| 300 ## - PHYSICAL DESCRIPTION | |
| Extent | 115 tr. |
| 500 ## - GENERAL NOTE | |
| General note | Bộ Giáo Dục và Đào Tạo Trường Đại Học Trưng Vương |
| 942 ## - ADDED ENTRY ELEMENTS (KOHA) | |
| Source of classification or shelving scheme | Dewey Decimal Classification |
| Koha item type | Luận văn, Khoá luận |
| 911 ## - EQUIVALENCE OR CROSS-REFERENCE-CONFERENCE OR MEETING NAME [LOCAL, CANADA] | |
| Meeting name or jurisdiction name as entry element | 1 |
| Number [OBSOLETE] | Hiển Phạm |
| 912 ## - | |
| -- | 1 |
| -- | Hiển Phạm |
| Trạng thái loại khỏi lưu thông | Trạng thái mất | Source of classification or shelving scheme | Trạng thái hư hỏng | Không cho mượn | Thư viện chính | Thư viện hiện tại | Kho tài liệu | Ngày bổ sung | Total checkouts | Mã vạch | Lần gần nhất còn thấy tài liệu | Giá có hiệu lực từ | Koha item type |
|---|---|---|---|---|---|---|---|---|---|---|---|---|---|
| Dewey Decimal Classification | Thư viện Trường Đại học Trương Vương cơ sở Vĩnh Phúc | Thư viện Trường Đại học Trương Vương cơ sở Vĩnh Phúc | 11/11/2022 | 00002801 | 11/11/2022 | 11/11/2022 | Sách |